ឥទ្ធិពលនៃគម្រោងដំណាំចំណីសត្វទៅលើប្រព័ន្ធផលិតកម្មនិងទីផ្សារគោរបស់កសិករនៅស្រុកព្រៃឈរ ខេត្តកំពង់ចាម,​ Impact of forage fordder bank on cattle production and market system of smallholder household in prey chhor district, kampong cham province. (Record no. 18267)

000 -LEADER
fixed length control field 00809nam a22001337a 4500
040 ## - CATALOGING SOURCE
Transcribing agency RUA
082 ## - DEWEY DECIMAL CLASSIFICATION NUMBER
Classification number ANS CHU 2015 B.648 Or.1
100 ## - MAIN ENTRY--AUTHOR NAME
Personal name CHUM BONA, ជុំ បូណា
245 ## - TITLE STATEMENT
Title ឥទ្ធិពលនៃគម្រោងដំណាំចំណីសត្វទៅលើប្រព័ន្ធផលិតកម្មនិងទីផ្សារគោរបស់កសិករនៅស្រុកព្រៃឈរ ខេត្តកំពង់ចាម,​ Impact of forage fordder bank on cattle production and market system of smallholder household in prey chhor district, kampong cham province.
260 ## - PUBLICATION, DISTRIBUTION, ETC. (IMPRINT)
Place of publication RUA
Name of publisher PHNOM PENH
Year of publication 2015
300 ## - PHYSICAL DESCRIPTION
Number of Pages ix;46p.
Other physical details ill;
Dimensions 29cm;
856 ## - ELECTRONIC LOCATION AND ACCESS
Uniform Resource Identifier https://drive.google.com/file/d/1uGPivV-Psw2ocyLI0mMX8f2t5oENvFk7/view?usp=sharing
942 ## - ADDED ENTRY ELEMENTS (KOHA)
Koha item type ANS
952 ## - LOCATION AND ITEM INFORMATION (KOHA)
Withdrawn status [LOCAL, KOHA] 0
952 ## - LOCATION AND ITEM INFORMATION (KOHA)
Withdrawn status [LOCAL, KOHA] 0
952 ## - LOCATION AND ITEM INFORMATION (KOHA)
Withdrawn status [LOCAL, KOHA] 0
952 ## - LOCATION AND ITEM INFORMATION (KOHA)
Withdrawn status [LOCAL, KOHA] 0
952 ## - LOCATION AND ITEM INFORMATION (KOHA)
Withdrawn status [LOCAL, KOHA] 0
952 ## - LOCATION AND ITEM INFORMATION (KOHA)
Withdrawn status [LOCAL, KOHA] 0
952 ## - LOCATION AND ITEM INFORMATION (KOHA)
Withdrawn status [LOCAL, KOHA] 0
Holdings
Koha item type Barcode Lost status Permanent Location Current Location Date acquired Full call number
ANSA43709 Library Block ALibrary Block A2019-10-03ANS CHU 2015 B.648 Or.1
ANSA43634 Library Block ALibrary Block A2019-10-03ANS CHU 2015 B.648 Or.2
ANSA42537 Library Block ALibrary Block A2019-10-03ANS CHU 2015 B.648 Or.3
ANSA42462 Library Block ALibrary Block A2019-10-03ANS CHU 2015 B.648 Or.4
ANSA42312 Library Block ALibrary Block A2019-10-03ANS CHU 2015 B.648 Or.5
ANSA44196 Library Block ALibrary Block A2019-10-03ANS CHU 2015 B.648 Or.6
ANSA43204 Library Block ALibrary Block A2019-10-03ANS CHU 2015 B.648 Or.7
មជ្ឈមណ្ឌលឯការនៃសាកលវិទ្យាល័យភូមិន្ទកសិកម្មចំការដូង

Powered by Koha